| 000 | 00562nam a22002177a 4500 | ||
|---|---|---|---|
| 003 | Nust | ||
| 005 | 20210930115252.0 | ||
| 008 | 170110b xxu||||| |||| 00| 0 eng d | ||
| 020 | _a9780072976878 | ||
| 038 | _akhadija | ||
| 040 | _c. | ||
| 082 |
_a620.105 _bBEE |
||
| 100 |
_aBeer, P. Ferdinand. _935915 |
||
| 245 |
_aVector Mechanics for Engineers Statics/ _cFerdinand P. Beer & E. Russell Johnston, Jr |
||
| 250 | _a8th | ||
| 260 |
_aBostan _bMcGrawHill _c2007. |
||
| 300 | _axix:602 | ||
| 500 | _aHardcover. | ||
| 563 | _ahardcover | ||
| 942 |
_cBK _2ddc |
||
| 999 |
_c31643 _d31643 |
||